00449nam a2200169Ia 4500003000400000008004100004040001600045082001300061100002000074245006300094260004100157300001000198650001900208650001500227650002600242650001100268GCL140319s9999 xx 000 0 eng d aGCL / cGCL04a821bA L1 aAUSTIN, FRANCES10aTHE LANGUAGE OF THE METAPHYSICAL POETS / cAUSTIN, FRANCES a[S.N] : bMac Millan Press ، c1992 a195 P04aENGLISH POETRY04aLITERATURE04aHISTORY AND CRITICISM04aPOETRY